Представление документа в формате RUSMARC

ПолеНазваниеЗначение
  Тип записи a
  Библиографический уровень a
001 Контрольный номер RU/CBS_UL/BASE/9693b5717d6942c3929f5f7bf8990a62
005 Дата корректировки 20231222012003.0
100 Данные общей обработки __
a Данные общей обработки 20231222 ||| 0rusy0189 ca
101 Язык документа 0_
a Язык текста rus
102 Страна публикации __
a Страна публикации RU
200 Заглавие и сведения об ответственности 1_
a Заглавие Последняя речь Дзержинского
e Сведения, относящиеся к заглавию [о речах Ф.Э. Дзержинского на пленуме Центрального комитета и Центральной контрольной комиссии ВКБ(б) 14-23 июля 1926 г.]
f Первые сведения об ответственности В. Сидорин
300 Общие примечания __
a Общие примечания 16+
461 Уровень набора _0
1 2000
a Родина
463 Уровень физической единицы _0
1 2000
a № 12
v С. 120-121 : ил.
1 2101
d 2019
1 001RU/CBS_UL/BASE/6c94d1d0e74746c892d190337fd3e921
600 Персоналии _1
a Персоналии (Фамилия) Дзержинский
b Персоналии (Имя, инициалы) Ф.Э.
606 Тематические рубрики 0_
a Основная рубрика Дзержинский, Феликс Эдмундович (1877-1926)
610 Ключевые слова 0_
a Ключевые слова деятели государственные
610 Ключевые слова 0_
a Ключевые слова деятели политические
610 Ключевые слова 0_
a Ключевые слова государственные деятели
610 Ключевые слова 0_
a Ключевые слова сотрудники органов безопасности
610 Ключевые слова 0_
a Ключевые слова совещания
610 Ключевые слова 0_
a Ключевые слова ораторское искусство
610 Ключевые слова 0_
a Ключевые слова партийные дискуссии
686 Индексы других классификаций __
2 Код системы rubbk
a Классификационный индекс 63.3(2)6-8
700 Автор _1
a Фамилия Сидорин
b Имя (инициалы) В.
801 Источник записи _0
a Страна RU
b Организация МБУК ЦБС г. Ульяновска
c Дата составления 20231222
g Правила каталогизации RCR
801 Источник записи _1
a Страна RU
b Организация МБУК ЦБС г. Ульяновска
c Дата составления 20231222
g Правила каталогизации RCR
901 Тип документа __
t Тип документа b
w Контрольный № источника RU/CBS_UL/BASE/6c94d1d0e74746c892d190337fd3e921